000 00506nam a2200181Ia 4500
005 20250326141222.0
008 250326s9999 xx 000 0 und d
037 _aTextbook
040 _aFMSL
_beng
_cFMSL
041 _aeng
_2eng
084 _qFMSL
100 _aMasi D A,ed.
_9743962
245 0 _aHandbook for developing employee assistance and counselling programes
_cMasi D A,ed.
260 _aNew York
_bNew York, AMACOM
_c1992
300 _a382p
942 _cTB
999 _c1289275
_d1289275